Countries With 3 A’s - Statistics

General Stats
  • This quiz has been taken 86 times
    39 since last reset
  • The average score is 14 of 28
Answer Stats
Country % Correct
Australia
92%
Canada
84%
United States of America
76%
Afghanistan
68%
Antigua and barbuda
68%
Kazakhstan
64%
Madagascar
64%
United Arab Emirates
64%
Albania
60%
Azerbaijan
60%
Panama
52%
Saudi Arabia
52%
Bahamas
48%
Federated States of Micronesia
48%
Papua new Guinea
48%
Central African Republic
44%
Trinidad and Tobago
44%
Bosnia and Herzegovina
40%
Guatemala
40%
Jamaica
36%
Malaysia
32%
Mauritania
32%
Nicaragua
32%
Marshall Islands
28%
Saint Vincent and The Grenadines
28%
Paraguay
24%
Equatorial Guinea
20%
Tanzania
20%
No matching quizzes found
Score Distribution
Percent of People with Each Score
Percentile by Number Answered
Your Score History
You have not taken this quiz since the last reset